<?xml version='1.0' encoding='UTF-8'?>
  <record xmlns="http://www.loc.gov/MARC21/slim">
    <leader>00000cam a22000007i 4500</leader>
    <controlfield tag="001">ocm68095123</controlfield>
    <controlfield tag="003">OCoLC</controlfield>
    <controlfield tag="005">20240210061653.1</controlfield>
    <controlfield tag="008">980304s1589    fr            000 0 frm d</controlfield>
    <datafield tag="040" ind1=" " ind2=" ">
      <subfield code="a">NLGGC</subfield>
      <subfield code="b">eng</subfield>
      <subfield code="e">rda</subfield>
      <subfield code="c">NLGGC</subfield>
      <subfield code="d">QGJ</subfield>
      <subfield code="d">OCLCL</subfield>
    </datafield>
    <datafield tag="029" ind1="0" ind2=" ">
      <subfield code="a">NLGGC</subfield>
      <subfield code="b">167202383</subfield>
    </datafield>
    <datafield tag="035" ind1=" " ind2=" ">
      <subfield code="a">(OCoLC)68095123</subfield>
    </datafield>
    <datafield tag="245" ind1="0" ind2="0">
      <subfield code="a">Discours av vray de ce qui s'est passé en l'armee conduicte par Sa Majesté, depuis son aduenement à la Couronne, iusques à la prinse des faux-bourgs de Paris. Et de là iusques à la Prinse de la ville d'Alençon. Ensemble vne missiue de Sa Majesté a Monseigneur le Duc de Longue-ville, sur la victoire obtenue par sa dicte Majesté contre les Rebelles à Rony le quatorsieme Mars dernier.</subfield>
    </datafield>
    <datafield tag="246" ind1="3" ind2=" ">
      <subfield code="a">Discovrs av vray de ce qvi s'est passé en l'armee condvicte par Sa Majesté, depuis son aduenement à la Couronne, iusques à la prinse des faux-bourgs de Paris. Et de là iusques à la Prinse de la ville d'Alençon. Ensemble vne missiue de Sa Majesté a Monseigneur le Duc de Longue-ville, sur la victoire obtenue par sa dicte Majesté contre les Rebelles à Rony le quatorsieme Mars dernier.</subfield>
    </datafield>
    <datafield tag="246" ind1="3" ind2=" ">
      <subfield code="a">Discours au vray de ce qui s'est passé en l'armee conduicte par Sa Majesté, depuis son advenement à la Couronne, jusques à la prinse des faux-bourgs de Paris. Et de là jusques à la Prinse de la ville d'Alençon. Ensemble une missive de Sa Majesté a Monseigneur le Duc de Longue-ville, sur la victoire obtenue par sa dicte Majesté contre les Rebelles à Rony le quatorsieme Mars dernier.</subfield>
    </datafield>
    <datafield tag="246" ind1="3" ind2=" ">
      <subfield code="a">Discours au vrai de ce qui s'est passé en l'armée conduite par sa Majesté, depuis son avènement à la couronne, jusques à la prise des faubourgs de Paris</subfield>
    </datafield>
    <datafield tag="264" ind1=" " ind2="1">
      <subfield code="a">[France?] :</subfield>
      <subfield code="b">[publisher not identified],</subfield>
      <subfield code="c">M. D. LXXXIX. [1589]</subfield>
    </datafield>
    <datafield tag="300" ind1=" " ind2=" ">
      <subfield code="a">76 pages :</subfield>
      <subfield code="b">initials ;</subfield>
      <subfield code="c">17 cm (in-8)</subfield>
    </datafield>
    <datafield tag="336" ind1=" " ind2=" ">
      <subfield code="a">text</subfield>
      <subfield code="b">txt</subfield>
      <subfield code="2">rdacontent</subfield>
    </datafield>
    <datafield tag="337" ind1=" " ind2=" ">
      <subfield code="a">unmediated</subfield>
      <subfield code="b">n</subfield>
      <subfield code="2">rdamedia</subfield>
    </datafield>
    <datafield tag="338" ind1=" " ind2=" ">
      <subfield code="a">volume</subfield>
      <subfield code="b">nc</subfield>
      <subfield code="2">rdacarrier</subfield>
    </datafield>
    <datafield tag="340" ind1=" " ind2=" ">
      <subfield code="m">8vo</subfield>
      <subfield code="2">rdabf</subfield>
    </datafield>
    <datafield tag="500" ind1=" " ind2=" ">
      <subfield code="a">Signatures: A-E⁸ (6E and 7E blank).</subfield>
    </datafield>
    <datafield tag="500" ind1=" " ind2=" ">
      <subfield code="a">Printer's device on title page.</subfield>
    </datafield>
    <datafield tag="510" ind1="4" ind2=" ">
      <subfield code="a">Someren, J. F. van. Pamfletten niet voorkomende in afzonderlijk gedrukte catalogi der verzamelingen in andere openbare Nederlandsche bibliotheke,</subfield>
      <subfield code="c">420</subfield>
    </datafield>
    <datafield tag="700" ind1="0" ind2=" ">
      <subfield code="a">Henry</subfield>
      <subfield code="b">IV,</subfield>
      <subfield code="c">King of France,</subfield>
      <subfield code="d">1553-1610.</subfield>
      <subfield code="1">https://id.oclc.org/worldcat/entity/E39PBJqqCBHgdkX6wVwPt8rTHC</subfield>
    </datafield>
    <datafield tag="752" ind1=" " ind2=" ">
      <subfield code="a">France,</subfield>
      <subfield code="e">publication place.</subfield>
      <subfield code="4">pup</subfield>
    </datafield>
    <datafield tag="758" ind1=" " ind2=" ">
      <subfield code="i">has work:</subfield>
      <subfield code="a">Discovrs av vray de ce qvi s'est passé en l'armee condvicte par Sa Majesté, depuis son aduenement à la Couronne, iusques à la prinse des faux-bourgs de Paris. Et de là iusques à la Prinse de la ville d'Alençon. Ensemble vne missiue de Sa Majesté a Monseigneur le Duc de Longue-ville, sur la victoire obtenue par sa dicte Majesté contre les Rebelles à Rony le quatorsieme Mars dernier (Text)</subfield>
      <subfield code="1">https://id.oclc.org/worldcat/entity/E39PCG7bhgdgFYGW9MRKHJrvMd</subfield>
      <subfield code="4">https://id.oclc.org/worldcat/ontology/hasWork</subfield>
    </datafield>
  </record>